1287 1201 1582 1083 1912 1931 1455 1066 1454 1009 1466 1585 1932 1577 1177 1147 1708 1723 1473 1927 1114 1566 1926 1594 1141 1749 1387 1225 1074 1126 1869 1717 1622 1867 1244 1480 1651 1928 1678 1956 1124 1426 1038 1831 1453 1365 1230 1899 1520 1948 1558 1122 1473 1784 1573 1971 1444 1209 1048 1596 1998 1824 1041 1080 1488 1326 1456 1254 1499 1080 1778 1769 1448 1704 1018 1999 1260 1244 1544 1864 1353 1077 1638 1738 1369 1209 1870 1368 1956 1815 1372 1991 1635 1936 1559 1210 1990 1721 1620 BCNSPRNW ULIB Ver.6.0+V

เปลี่ยนเป็นภาษาไทย

Change to English
 แสดงรายละเอียดบรรณานุกรม
  กลับหน้าหลัก

Brief Record : Get Marc (ISO 2709) : E-mail record : QR code < ปิดหน้าต่าง
LEADER : 00000nam 2200000uu 4500
001    13399127669
003     ULIB
008    210317s2563||||th 000 0 tha d
020    ^a9786165680240
060    ^aWY152^bว37ห^cล.5
100    ^aวิโรจน์ ไววานิชกิจ, บรรณาธิการ
245    ^aหลักการพยาบาลผู้สูงอายุ เล่ม 5 การพยาบาลผู้ป่วยระยะสุดท้าย/^cวิโรจน์ ไววานิชกิจ, บรรณาธิการ
250    ^aพิมพ์ครั้งที่ 1
260    ^aกรุงเทพฯ :^bจุฬาลงกรณ์มหาวิทยาลัย,^c2563
300    ^a109 หน้า
650    ^aการพยาบาลผู้สูงอายุ
650    ^aผู้ป่วยระยะสุดท้าย--การดูแล
700    ^aปทมพร อภัยจิตต์, บรรณาธิการ
945    ^p440^l0^i28782
945    ^p440^l0^i28783
945    ^p440^l0^i28784
945    ^p440^l0^i28785
945    ^p440^l0^i28786
945    ^p440^l0^i28787
945    ^p440^l0^i28788
945    ^p440^l0^i28789
945    ^p440^l0^i28790
945    ^p440^l0^i28791
999    ^aกัณชพร จุลอักษร
รายการนี้ยังไม่มีแท็ก
คุณยังไม่ได้ล็อกอิน คุณสามารถมีกิจกรรมร่วมกับเว็บไซต์ได้ แต่ต้องล็อกอินก่อน ::
  ล็อกอิน

รายการสื่อสารสนเทศ

ลำดับที่ ประเภท เลขเรียก/บาร์โค้ด สถานที่ สถานะ
1. หนังสือสำรอง
หนังสือสำรอง
WY152 ว37ห ล.5 ฉ.1 
  Barcode: 28782
ห้องสมุดวิทยาเขตนครสวรรค์
►หนังสือทั่วไป:l:General Books
บนชั้น
2. วิทยาศาสตร์การแพทย์ และสุขภาพ
วิทยาศาสตร์การแพทย์ และสุขภาพ
WY152 ว37ห ล.5 ฉ.10 
  Barcode: 28791
ห้องสมุดวิทยาเขตนครสวรรค์
►หนังสือทั่วไป:l:General Books
บนชั้น
3. วิทยาศาสตร์การแพทย์ และสุขภาพ
วิทยาศาสตร์การแพทย์ และสุขภาพ
WY152 ว37ห ล.5 ฉ.2 
  Barcode: 28783
ห้องสมุดวิทยาเขตนครสวรรค์
►หนังสือทั่วไป:l:General Books
บนชั้น
4. วิทยาศาสตร์การแพทย์ และสุขภาพ
วิทยาศาสตร์การแพทย์ และสุขภาพ
WY152 ว37ห ล.5 ฉ.3 
  Barcode: 28784
ห้องสมุดวิทยาเขตนครสวรรค์
►หนังสือทั่วไป:l:General Books
บนชั้น
5. วิทยาศาสตร์การแพทย์ และสุขภาพ
วิทยาศาสตร์การแพทย์ และสุขภาพ
WY152 ว37ห ล.5 ฉ.4 
  Barcode: 28785
ห้องสมุดวิทยาเขตนครสวรรค์
►หนังสือทั่วไป:l:General Books
บนชั้น
6. วิทยาศาสตร์การแพทย์ และสุขภาพ
วิทยาศาสตร์การแพทย์ และสุขภาพ
WY152 ว37ห ล.5 ฉ.5 
  Barcode: 28786
ห้องสมุดวิทยาเขตนครสวรรค์
►หนังสือทั่วไป:l:General Books
บนชั้น
7. วิทยาศาสตร์การแพทย์ และสุขภาพ
วิทยาศาสตร์การแพทย์ และสุขภาพ
WY152 ว37ห ล.5 ฉ.6 
  Barcode: 28787
ห้องสมุดวิทยาเขตนครสวรรค์
►หนังสือทั่วไป:l:General Books
บนชั้น
8. วิทยาศาสตร์การแพทย์ และสุขภาพ
วิทยาศาสตร์การแพทย์ และสุขภาพ
WY152 ว37ห ล.5 ฉ.7 
  Barcode: 28788
ห้องสมุดวิทยาเขตนครสวรรค์
►หนังสือทั่วไป:l:General Books
บนชั้น
9. วิทยาศาสตร์การแพทย์ และสุขภาพ
วิทยาศาสตร์การแพทย์ และสุขภาพ
WY152 ว37ห ล.5 ฉ.8 
  Barcode: 28789
ห้องสมุดวิทยาเขตนครสวรรค์
►หนังสือทั่วไป:l:General Books
บนชั้น
10. วิทยาศาสตร์การแพทย์ และสุขภาพ
วิทยาศาสตร์การแพทย์ และสุขภาพ
WY152 ว37ห ล.5 ฉ.9 
  Barcode: 28790
ห้องสมุดวิทยาเขตนครสวรรค์
►หนังสือทั่วไป:l:General Books
บนชั้น

รายการใกล้เคียง
    ผู้แต่ง [วิโรจน์ ไววานิชกิจ, บรรณาธิการ]

    หัวเรื่อง [การพยาบาลผู้สูงอายุ]
    หัวเรื่อง [ผู้ป่วยระยะสุดท้าย--การดูแล]

BibComment


ยังไม่เคยถูกคอมเมนท์

คอมเมนท์ทรัพยากรรายการนี้
  คอมเมนท์: หลักการพยาบาลผู้..


 Copyright 2026. Bcnsprnw @Library